La réponse commence par un B (France) - Statistiques

Statistiques générales
  • Ce quiz a été pris 71 fois
  • Le résultat moyen est 8 sur 20
Statistiques - réponses
Hint Réponse % Correct
Cette ville de l'Est de la France est connue pour son lion Belfort
79%
C'est le seul département commençant par la lettre B Bouches-du-Rhône
75%
C'est la préfecture de la Guadeloupe Basse-Terre
71%
Ce fort est une résidence officielle du Président de la République Brégançon
65%
Le Rocher de la Vierge est un symbole de cette station balnéaire Biarritz
60%
Cette ancienne province recoupe les départements du Cher et de l'Indre Berry
57%
Cette commune de la métropole bordelaise partage son nom avec une ville belge Bruges
56%
Cette ville portuaire est arrosée par la Penfeld Brest
48%
Cette région naturelle a donné son nom à deux fromages reconnus Brie
48%
Cette ville du Limousin est connue pour son équipe de rugby à XV Brive-la-Gaillarde
41%
C'est la troisième commune la plus peuplée d'Île-de-France Boulogne-Billancourt
40%
En trois lettres, trois villes du Grand Est se partagent ce nom Bar
37%
Cette ville de Meurthe-et-Moselle est connue pour sa cristallerie Baccarat
27%
C'est le plus grand lac naturel d'origine glaciaire de France Bourget
25%
Cette ville thermale du Puy-de-Dôme est traversée par la Dordogne La Bourboule
25%
C'est une sous-préfecture des Deux-Sèvres Bressuire
21%
Oyonnax, Ambérieu et Belley sont les principales villes de cette région naturelle Bugey
19%
Ce parc naturel régional se situe dans l'Indre Brenne
13%
C'est un fleuve côtier breton Blavet
6%
C'était le point culminant de la France avant l'annexion de la Savoie en 1860 Barre des Écrins
3%
Aucun quiz correspondant
Distribution des résultats
% des personnes avec chaque résultat
Percentile par nombre de réponses
Votre historique - résultats
Vous n’avez pas pris ce quiz